[Event "10th ch-CRO w 2012"]
[Site "Topusko CRO"]
[Date "2012.02.06"]
[Round "2.1"]
[White "Franciskovic,B"]
[Black "Ljikar,Tamara"]
[Result "1-0"]
[WhiteElo "2272"]
[BlackElo "1793"]

1.Nf3 d5 2.c4 c6 3.g3 d4 4.Bg2 Bg4 5.Qb3 Bxf3 6.Bxf3 Qb6 7.Qc2 e5 8.O-O Nd7
9.d3 Bc5 10.Nd2 Ngf6 11.a3 a5 12.Rb1 O-O 13.Ne4 Nxe4 14.Bxe4 f5 15.Bg2 f4
16.b4 axb4 17.axb4 Be7 18.c5 Qc7 19.gxf4 exf4 20.Qc4+ Rf7 21.Qxd4 Kh8 22.Qe4 Raf8
23.d4 Nb8 24.b5 Bg5 25.Qf3 Qd7 26.Bb2 cxb5 27.d5 Bf6 28.Rfc1 Bxb2 29.Rxb2 Rf6
30.c6 bxc6 31.dxc6 Qc7 32.Rxb5 Rc8 33.Rbc5 h6 34.Qd3 Qb6 35.c7  1-0

[Event "76th ch-BUL SF 2012"]
[Site "Plovdiv BUL"]
[Date "2012.02.09"]
[Round "5"]
[White "Arnaudov,P"]
[Black "Nikolov,Sas"]
[Result "0-1"]
[WhiteElo "2121"]
[BlackElo "2407"]

1.Nf3 d5 2.c4 d4 3.b4 f6 4.e4 e5 5.a3 a5 6.b5 Nh6 7.d3 Nf7 8.Be2 Nd7 9.O-O Nc5
10.Re1 Be6 11.Nbd2 a4 12.Nf1 Nb3 13.Ra2 Nxc1 14.Qxc1 Bc5 15.Nh4 g6 16.g3 Qe7
17.Bd1 O-O 18.Ng2 Nd6 19.h4 Nxb5 20.Nd2 Nc3 21.Ra1 c6 22.Kh2 b5 23.f4 Ra7
24.Bf3 Qd6 25.cxb5 cxb5 26.Rf1 Re7 27.Rf2 f5 28.fxe5 Qxe5 29.Nf4 Bd6 30.Qf1 Bd7
31.Bg2 Qc5 32.Re1 Rfe8 33.Ra1 Bc6 34.exf5 Bxf4 35.gxf4 Bxg2 36.Qxg2 Qxf5
37.Raf1 Re3 38.Ne4 Nxe4 39.dxe4 R8xe4 40.Rf3 Re2 41.R1f2 Rxf2 42.Qxf2 Qe6
43.Qf1 Re2+ 44.Kg3 h5  0-1

[Event "76th ch-BUL SF 2012"]
[Site "Plovdiv BUL"]
[Date "2012.02.09"]
[Round "5"]
[White "Ninov,D"]
[Black "Tsvetkov,I"]
[Result "0-1"]
[WhiteElo "2117"]
[BlackElo "2374"]

1.Nf3 d5 2.c4 d4 3.d3 Nc6 4.g3 e5 5.Bg2 Nf6 6.O-O Be7 7.b4 Bxb4 8.Nxe5 Nxe5
9.Qa4+ Nfd7 10.Qxb4 c5 11.Qb3 O-O 12.Nd2 Rb8 13.a4 b6 14.Nf3 Bb7 15.Bf4 Bxf3
16.exf3 Qf6 17.Rfe1 h6 18.h4 g5 19.hxg5 hxg5 20.Bxg5 Qxg5 21.f4 Qh5 22.fxe5 Nxe5
23.Qd1 Qxd1 24.Raxd1 Rfe8 25.Be4 f5 26.Bd5+ Kg7 27.Re2 Kf8 28.Kg2 Ng6 29.Re6 Rxe6
30.Bxe6 Ne7 31.g4 fxg4 32.Bxg4 Kf7 33.Rh1 Rg8 34.Kf3 Kg6 35.Re1 Rf8+ 36.Kg3 Nc6
37.f4 Nb4 38.f5+ Kg5 39.Re6 Rg8 40.Re7 Nxd3 41.Rxa7 Ne5 42.Bh3 d3 43.Bf1 Kxf5+
44.Kf2 Ke4 45.a5 Rf8+ 46.Ke1 Ke3 47.Bxd3 Nxd3+ 48.Kd1 Rf2 49.Re7+ Kd4  0-1

[Event "11th Aeroflot Open B"]
[Site "Moscow RUS"]
[Date "2012.02.10"]
[Round "4"]
[White "Pavlov,S2"]
[Black "Alavkin,A"]
[Result "1/2-1/2"]
[WhiteElo "2477"]
[BlackElo "2383"]

1.Nf3 d5 2.c4 c6 3.d4 Nf6 4.Nc3 dxc4 5.a4 Bf5 6.Ne5 e6 7.f3 c5 8.e4 Bg6 9.Be3 cxd4
10.Bxd4 Nfd7 11.Nxd7 Qxd7 12.Bxc4 Nc6 13.Be3 Qxd1+ 14.Rxd1 Bb4 15.Kf2 Ke7
16.Ne2 Ne5 17.Bb3 f6 18.Nf4 Bf7 19.Nd3 Nxd3+ 20.Rxd3 b6 21.e5 Rhd8 22.Rxd8 Rxd8
23.Rc1 Rd7 24.Rc6 Bd2 25.exf6+ gxf6 26.Ke2 Bxe3 27.Kxe3 Rd6 28.Rc8 Be8 29.Ra8 a5
30.Rb8 e5 31.Rb7+ Kf8 32.Bc2 Bg6 33.Bxg6 hxg6 34.h4 f5 35.b3 Rc6 36.Kd3 Rd6+
37.Ke2 Rc6 38.g4 Rd6 39.Ke3 fxg4 40.fxg4 Rd4 41.g5 Rb4 42.Kd3 e4+ 43.Ke3 Kg8
44.Kf4 Kf8 45.Ke3 Kg8 46.Re7 Rxb3+ 47.Kxe4 b5 48.Ra7 bxa4 49.Rxa5 Rb4+ 50.Ke5 Rxh4
51.Kf6 Rf4+ 52.Kxg6 Rf8 53.Rxa4  1/2-1/2

[Event "11th Aeroflot Open B"]
[Site "Moscow RUS"]
[Date "2012.02.10"]
[Round "4"]
[White "Gomes,Mary"]
[Black "Gavrilov,Al1"]
[Result "0-1"]
[WhiteElo "2377"]
[BlackElo "2498"]

1.Nf3 d5 2.c4 d4 3.g3 Nc6 4.d3 e5 5.Bg2 Bb4+ 6.Bd2 a5 7.O-O Nf6 8.Bxb4 axb4
9.Nbd2 O-O 10.Re1 h6 11.Nb3 Bf5 12.Nh4 Bh7 13.e3 dxe3 14.Rxe3 g5 15.Nf3 Ng4
16.Re2 Qxd3 17.Rd2 Qf5 18.Nc5 Rad8 19.Nxb7 Nxf2 20.Nxd8 Nxd1 21.Nxc6 Qe6
22.Nxg5 hxg5 23.Bd5 Qf6 24.Raxd1 Kg7 25.c5 g4 26.Rf2 Qg5 27.Nxb4 Qe3 28.Bb3 Qxc5
29.Nd3 Qe3 30.Bc2 Rd8 31.Re1 Qb6 32.Rd1 Rd6 33.Ne1 Rf6 34.Rd2 e4 35.Re2 Bg6
36.b3 Qd4 37.Kf1 Rf3 38.a4 f5 39.a5 Be8 40.Nxf3 gxf3 41.Rxf3 exf3 42.Rxe8 Qd2  0-1

[Event "TCh-CZE Liga1 Vychod"]
[Site "Czech Rep CZE"]
[Date "2012.02.12"]
[Round "8.3"]
[White "Mudrak,J"]
[Black "Roubalik,J"]
[Result "1/2-1/2"]
[WhiteElo "2368"]
[BlackElo "2307"]

1.Nf3 d5 2.c4 c6 3.cxd5 cxd5 4.d4 Nf6 5.g3 Nc6 6.Bg2 Bf5 7.O-O e6 8.Qb3 Qd7
9.Nc3 Bd6 10.Bf4 Bxf4 11.gxf4 Qe7 12.Ne5 Rc8 13.Nxc6 Rxc6 14.f3 O-O 15.e4 Rb6
16.Qc2 Bg6 17.f5 Bh5 18.e5 Nd7 19.Rf2 Qh4 20.Qd2 Rc6 21.f4 Nb6 22.Qe3 Bg4
23.fxe6 fxe6 24.Qg3 Qh5 25.Nb5 Nc8 26.Bf1 Bf5 27.Rg2 Qf7 28.Nc3 a6 29.Be2 Ne7
30.Rf1 Bg6 31.h4 Nf5 32.Qf2 b5 33.a3 Bh5 34.Bd3 Qa7 35.Bxf5 Rxf5 36.Rg5 Bg6
37.h5 Bf7 38.h6 Bg6 39.hxg7 Qxg7 40.Qh4 Rc8 41.Rxf5 Bxf5+ 42.Kf2 Bg6 43.Rg1 Qf7
44.Qg5 Kf8 45.Ke3 Ke8 46.Rf1 Qf5 47.Qxf5 Bxf5 48.Rh1 Kf7 49.Rh6 Bg6 50.f5 Kg7
51.Rxg6+ hxg6 52.fxe6 Re8 53.Nxd5 Rxe6 54.Ke4 Kf7 55.Ne3 Rc6 56.d5 Rc1 57.Kd4 Re1
58.b3 Re2 59.Ng4 Rb2 60.Nh6+ Ke8 61.Ng8 g5 62.e6 Rf2 63.d6 g4 64.Ke5 g3 65.Nf6+ Rxf6
66.Kxf6 g2 67.d7+ Kd8 68.e7+ Kxd7 69.Kf7 g1=Q 70.e8=Q+ Kc7 71.Qe7+ Kc6  1/2-1/2

[Event "11th Aeroflot Open B"]
[Site "Moscow RUS"]
[Date "2012.02.14"]
[Round "8"]
[White "Gomez,Joh"]
[Black "Alavkin,A"]
[Result "0-1"]
[WhiteElo "2506"]
[BlackElo "2383"]

1.Nf3 d5 2.c4 c6 3.e3 Nf6 4.d4 a6 5.Bd3 Bg4 6.Nbd2 e6 7.b3 c5 8.Bb2 cxd4
9.exd4 Bb4 10.O-O Nc6 11.Qb1 O-O 12.c5 b6 13.a3 Bxd2 14.Nxd2 bxc5 15.dxc5 e5
16.b4 Re8 17.f3 Bh5 18.Qc2 Bg6 19.Bxg6 hxg6 20.Rad1 Qc7 21.Nb3 Rab8 22.f4 Ng4
23.Qe2 f5 24.Rxd5 exf4 25.Qd2 Rbd8 26.Rd6 Qf7 27.Nd4 Rxd6 28.cxd6 Qd5 29.Qxf4 Ne3
30.Qf3 Re4 31.Nxc6 Qxc6 32.Re1 Qb6 33.Kh1 Ng4 34.Rxe4 Nf2+ 35.Kg1 Nxe4+ 36.Kh1 Nf2+
37.Kg1 Ng4+ 38.Kh1 Qxd6 39.Kg1 Qd2 40.Ba1 Qe1+ 41.Qf1 Qe3+ 42.Kh1 Nf2+ 43.Kg1 Ne4+
44.Kh1 Qxa3 45.Qc4+ Kh7 46.Bd4 Qa4 47.g3 Qd1+ 48.Kg2 Ng5 49.Kf2 Qf3+ 50.Ke1 Qe4+
51.Kd2 Nf3+ 52.Kc3 Qe1+ 53.Kb2 Qd2+  0-1

[Event "11th Aeroflot Open B"]
[Site "Moscow RUS"]
[Date "2012.02.14"]
[Round "8"]
[White "Gomes,Mary"]
[Black "Goriatchkin,J"]
[Result "1-0"]
[WhiteElo "2377"]
[BlackElo "2311"]

1.Nf3 d5 2.c4 c6 3.g3 Nf6 4.Bg2 e6 5.b3 Be7 6.Bb2 O-O 7.O-O Nbd7 8.d3 b6
9.Nbd2 Bb7 10.Qc2 Rc8 11.e4 b5 12.Rfd1 Qb6 13.h3 Rfd8 14.Rac1 a5 15.Nf1 a4
16.Ne3 axb3 17.axb3 bxc4 18.bxc4 dxe4 19.dxe4 c5 20.Nd2 Ne8 21.Bc3 Bc6 22.e5 Bxg2
23.Nxg2 Nb8 24.Rb1 Qc7 25.Qe4 Nc6 26.Ne1 Nb4 27.Bxb4 cxb4 28.Nd3 Qc6 29.Qxc6 Rxc6
30.Nxb4 Bxb4 31.Rxb4 f6 32.Kf1 Rc5 33.exf6 Nxf6 34.Rbb1 Rd4 35.Nf3 Rdxc4
36.Rd6 Rc1+ 37.Rxc1 Rxc1+ 38.Kg2 h6 39.Rxe6 Rc7 40.Ne5 Rb7 41.g4 Kf8 42.h4 Nd7
43.Nc4 Nf6 44.Ne5 Nd7 45.Ng6+ Kf7 46.Rc6 Nf6 47.Ne5+ Ke7 48.f3 Rb2+ 49.Kg3 Rb7
50.Kf4 Nd7 51.Ng6+ Kf7 52.h5 Rb4+ 53.Kg3 Rd4 54.Rc8 Nf6 55.Rf8+ Ke6 56.Ra8 Kf7
57.Ra7+ Kg8 58.Ne5 Rd8 59.Nc6 Rd7 60.Ra8+ Kh7 61.Ne5 Re7 62.Ng6 Re8 63.Ra7 Rd8
64.Kf4 Re8 65.Nh4 Nd5+ 66.Kg3 Re7 67.Ra8 Nf6 68.Ng6 Re8 69.Rxe8 Nxe8 70.Ne7 Nc7
71.Kf4 Ne6+ 72.Ke5 Ng5 73.f4 Nf3+ 74.Ke6 Nh2 75.Kf7 Nxg4 76.Nf5 Nf2 77.Nxg7 Ne4
78.Ne8 Ng3 79.Nf6+ Kh8 80.Kg6 Ne2 81.f5 Ng3 82.Nd7 Ne2 83.f6 Nf4+ 84.Kf5  1-0

[Event "3rd Novy Bor Open"]
[Site "Novy Bor CZE"]
[Date "2012.02.14"]
[Round "4"]
[White "Chudinovskikh,A"]
[Black "Flak,P"]
[Result "1/2-1/2"]
[WhiteElo "2276"]
[BlackElo "2231"]

1.Nf3 d5 2.c4 c6 3.d4 Nf6 4.Qb3 Qb6 5.Nc3 Nbd7 6.Bf4 dxc4 7.Qxc4 e6 8.Rb1 Bb4
9.a3 Bxc3+ 10.Qxc3 Nd5 11.Qd2 Nxf4 12.Qxf4 Qa5+ 13.Qd2 Qxd2+ 14.Kxd2 c5 15.b4 cxd4
16.Nxd4 Ke7 17.e4 Rd8 18.Ke3 Nb6 19.Nb3 Bd7 20.Nc5 Rdc8 21.Bd3 Bc6 22.b5 Bd7
23.Rhc1 Rc7 24.Nxd7 Rxd7 25.f4 Rad8 26.Rb3 Na4 27.e5 b6 28.Be4 Nc5 29.Rbc3 Rd2
30.R1c2 Nxe4 31.Kxe4 R8d4+ 32.Ke3 R4d3+ 33.Rxd3 Rxc2 34.Rd4 Rc3+ 35.Rd3 Rc5
36.a4 Rc4 37.Rd4 Rc2 38.Kf3 Rc3+  1/2-1/2

[Event "TCh-CAT 2012"]
[Site "Catalunya ESP"]
[Date "2012.02.18"]
[Round "4.7"]
[White "Gonzalez Perez,A"]
[Black "Rodriguez Vargas,O"]
[Result "1/2-1/2"]
[WhiteElo "2464"]
[BlackElo "2403"]

1.Nf3 d5 2.c4 e6 3.g3 Nf6 4.Bg2 Be7 5.O-O O-O 6.b3 b6 7.Bb2 Bb7 8.e3 Nbd7
9.Nc3 c5 10.Rc1 Rc8 11.Ne2 Rc7 12.Nf4 Qa8 13.Qe2 Bd6 14.d3 Re8 15.Rfd1 a6
16.cxd5 exd5 17.d4 c4 18.Ne5 b5 19.Nh5 Nxh5 20.Qxh5 g6 21.Qh4 Nxe5 22.dxe5 Bxe5
23.Bxe5 Rxe5 24.e4 Rc8 25.exd5 Bxd5 26.Qd4 Bxg2 27.Qxe5 Re8 28.Qb2 Bh3 29.f4 cxb3
30.axb3 a5 31.Re1 a4 32.bxa4 bxa4 33.Rxe8+ Qxe8 34.Qe5 Qa8 35.Kf2 Qg2+ 36.Ke3 Qxh2
37.Qe8+ Kg7 38.Qe5+ Kg8 39.Qe8+ Kg7 40.Qe5+ Kg8  1/2-1/2

[Event "ch-POL 2012"]
[Site "Warsaw POL"]
[Date "2012.02.18"]
[Round "1"]
[White "Swiercz,D"]
[Black "Hnydiuk,A"]
[Result "1-0"]
[WhiteElo "2583"]
[BlackElo "2409"]

1.Nf3 d5 2.c4 c6 3.e3 Nf6 4.Nc3 a6 5.d4 b5 6.b3 Bf5 7.Bd3 e6 8.O-O Bd6 9.Bxf5 exf5
10.Ne5 O-O 11.Bb2 Nfd7 12.Ne2 Re8 13.cxd5 cxd5 14.Rc1 Nxe5 15.dxe5 Bxe5 16.Bxe5 Rxe5
17.Nd4 g6 18.Qf3 Ra7 19.Qg3 Rae7 20.Rc2 Re8 21.Rfc1 Qf6 22.Rc8 f4 23.Qxf4 Qxf4
24.exf4 Re1+ 25.Rxe1 Rxc8 26.f3 Kf8 27.Kf2 Rc3 28.Re3 Rc1 29.Re1 Rc3 30.Ke2 Nc6
31.Nxc6 Rxc6 32.Kd3 Rf6 33.Kd4 Rxf4+ 34.Kxd5 Rf6 35.b4 Rf4 36.Re4 Rf6 37.a3 Rb6
38.Re3 Rb8 39.Kc6 Rd8 40.g3 g5 41.g4 Rd2 42.Kb7 Rd6 43.Re5 h6 44.Rc5 Rf6
45.Rf5 Rd6 46.Rc5 Rf6 47.Rc6 Rxf3 48.Kxa6 Rxa3+ 49.Kxb5 Rh3 50.Rc2 Rh4 51.Ka5 Rxg4
52.b5 Rg1 53.b6 Rb1 54.Ka6 Ke7 55.b7 f5 56.Rc5 Kd7 57.Rxf5 Ra1+ 58.Kb6 Rb1+
59.Ka7 Ra1+ 60.Kb8 Ra2 61.h4  1-0

[Event "TCh-HUN 2011-12"]
[Site "Szombathely HUN"]
[Date "2012.02.19"]
[Round "6"]
[White "Szalai,K"]
[Black "Kovacs,Ga4"]
[Result "1/2-1/2"]
[WhiteElo "2390"]
[BlackElo "1913"]

1.Nf3 d5 2.c4 e6 3.b3 Nf6 4.Bb2 Be7 5.e3 O-O 6.Be2 b6 7.O-O Bb7 8.cxd5 Nxd5
9.Nc3 Bf6 10.d4 Nxc3 11.Bxc3 c5 12.Rc1 Nd7 13.Bb5 cxd4 14.Bxd4 Bxf3 15.Qxf3 Bxd4
16.Rfd1 Bb2 17.Rb1 Qf6 18.Bxd7 Qxf3 19.gxf3 Bf6 20.f4 Be7 21.f5 exf5 22.Bxf5 Rfd8
23.Rbc1 Bc5 24.Bg4 Kf8 25.Rxd8+ Rxd8 26.Rd1 Rd6 27.Rxd6  1/2-1/2

[Event "16th Metropolitan IM"]
[Site "Los Angeles USA"]
[Date "2012.02.23"]
[Round "3"]
[White "Amanov,Z"]
[Black "Kretchetov,A"]
[Result "1-0"]
[WhiteElo "2402"]
[BlackElo "2347"]

1.Nf3 d5 2.c4 c6 3.g3 Nf6 4.Bg2 dxc4 5.O-O g6 6.Qc2 Bg7 7.Qxc4 O-O 8.Nc3 Bg4
9.h3 Bxf3 10.Bxf3 Nbd7 11.Qb3 Qb6 12.Qc2 Rac8 13.d3 Nd5 14.Bd2 Nxc3 15.bxc3 Qa5
16.Rab1 b6 17.Rb4 Qe5 18.a4 a5 19.Rbb1 Qd6 20.Rfd1 e5 21.Be3 Qc7 22.Qb3 Rb8
23.Qc4 Rfc8 24.Rd2 h5 25.Rdb2 Bf8 26.g4 hxg4 27.Bxg4 Re8 28.Bxd7 Qxd7 29.Rxb6 Rxb6
30.Rxb6 Qxh3 31.Rxc6 Kg7 32.Qe4 Qh5 33.Qf3 Qh4 34.Rc4 Qe7 35.Qh3 Kg8 36.Rc8 f5
37.Rc6 Qf7 38.Bb6 Re6 39.Qg2 e4 40.Rc7 exd3 41.Rxf7 dxe2 42.Rxf8+ Kxf8 43.Bc5+ Kg8
44.Qa8+ Kh7 45.Qa7+ Kg8 46.Qb8+  1-0

[Event "ch-POL 2012"]
[Site "Warsaw POL"]
[Date "2012.02.24"]
[Round "7"]
[White "Bartel,Mat"]
[Black "Bulski,K"]
[Result "1-0"]
[WhiteElo "2658"]
[BlackElo "2523"]

1.Nf3 d5 2.c4 c6 3.e3 Nf6 4.Nc3 e6 5.b3 Nbd7 6.Bb2 Bd6 7.Qc2 Qe7 8.Be2 Ba3
9.Bxa3 Qxa3 10.e4 dxe4 11.Nxe4 Qe7 12.O-O O-O 13.d4 e5 14.c5 exd4 15.Nd6 Nxc5
16.Qxc5 Qxe2 17.Rfe1 Qa6 18.Ng5 d3 19.Ngxf7 d2 20.Re3 Bg4 21.f3 Bh5 22.Ne5 Bg6
23.Rd1 Nd5 24.Nxg6 hxg6 25.Re5 Qb6 26.Qxb6 axb6 27.Rxd2 Rad8 28.Ne4 Rfe8
29.Rxe8+ Rxe8 30.a4 Kf8 31.Kf2 Ke7 32.Kg3 Rf8 33.Rd4 Rf5 34.Nd2 Rg5+ 35.Kf2 Nc7
36.Nc4 b5 37.Nb6 Ne6 38.Rd7+ Kf8 39.Rxb7 bxa4 40.bxa4 Ra5 41.Rb8+ Ke7 42.Rc8 Rc5
43.Ke3 Kd6 44.Re8 Rc2 45.a5 Nc7 46.Rd8+ Ke6 47.g4 Rxh2 48.Rg8 Kf6 49.Rc8 Nd5+
50.Nxd5+ cxd5 51.Rc6+ Kg5 52.Rd6 Ra2 53.Rxd5+ Kh4 54.Ke4 Kg3 55.g5 Re2+ 56.Kd4 Kxf3
57.Kc5 Re6 58.Kb5 Ke4 59.Rc5 Kd4 60.Rc4+ Kd5 61.Rc1 Re2 62.Rb1 Ke6 63.Kb6 Kf5
64.Rb5+ Kg4 65.a6 Re6+ 66.Ka5 Re7 67.Rc5 Kh5 68.Kb4 Re4+ 69.Kb3 Re3+ 70.Kc4 Re4+
71.Kb5 Re7 72.Kb6 Re6+ 73.Kb7 Re7+ 74.Kb8 Re8+ 75.Rc8  1-0

[Event "ch-POL w Playoff 2012"]
[Site "Warsaw POL"]
[Date "2012.02.26"]
[Round "2"]
[White "Majdan,J"]
[Black "Rajlich,I"]
[Result "1/2-1/2"]
[WhiteElo "2387"]
[BlackElo "2428"]

1.Nf3 d5 2.c4 c6 3.e3 e6 4.b3 Be7 5.Bb2 Bf6 6.Nc3 Ne7 7.d4 O-O 8.Qc2 c5 9.dxc5 Na6
10.Rd1 Qa5 11.a3 Bxc3+ 12.Qxc3 Qxc3+ 13.Bxc3 Nxc5 14.Bb4 b6 15.Bxc5 bxc5
16.cxd5 exd5 17.Rc1 Rb8 18.Nd2 c4 19.bxc4 Ba6 20.cxd5 Bxf1 21.Kxf1 Nxd5 22.Nc4 Rb3
23.Ke1 Nb6 24.Ne5 Rxa3 25.Ke2 Nd5 26.Rc5 Nc3+ 27.Kf3 f6 28.Nc6 Re8 29.Rc1 Ne4
30.R5c2 Ng5+ 31.Ke2 Ne6 32.g3 h5 33.h4 Kh7 34.Rd1 Ra4 35.Rd7 Rc8 36.Rd6 Nf8
37.Rc5 Ra2+ 38.Kf3 Kh6 39.Rdd5 g6 40.Rd6 Ra6 41.Ke4 Nd7 42.Rxd7 Raxc6 43.Rxc6 Rxc6
44.Rxa7 Rd6 45.Rf7 Ra6 46.f3 Ra4+ 47.Kd5 Ra5+ 48.Kd6 Ra3 49.Re7 Rd3+ 50.Kc7 f5
51.Kc6 Rd1 52.e4 fxe4 53.fxe4 Rd3 54.e5 g5 55.hxg5+ Kxg5 56.Rd7 Ra3 57.Kd5 Rd3+
58.Ke6 Rxg3 59.Rg7+ Kh4 60.Rh7 Kg4 61.Kf6 Rf3+ 62.Kg6 h4 63.e6 Re3 64.Kf7 h3
65.e7 Kg3 66.Rg7+ Kf2 67.Rh7 Kg2 68.Rxh3 Rxe7+ 69.Kxe7 Kxh3  1/2-1/2

[Event "TCh-ISR 2011-12"]
[Site "Israel ISR"]
[Date "2012.03.02"]
[Round "11.6"]
[White "Grinshpun,E"]
[Black "Gilboa,A"]
[Result "1-0"]
[WhiteElo "2395"]
[BlackElo "2236"]

1.Nf3 d5 2.c4 e6 3.b3 Nf6 4.Bb2 Be7 5.g3 O-O 6.Bg2 b6 7.O-O Bb7 8.e3 c5 9.Nc3 Nc6
10.Rc1 dxc4 11.bxc4 Qd3 12.Ne2 Rad8 13.Nf4 Qd7 14.d4 Qc7 15.Qe2 Ba6 16.Rfd1 Na5
17.Ne5 Bd6 18.Nfd3 Nd7 19.Nxd7 Rxd7 20.dxc5 bxc5 21.Ba1 Rfd8 22.Nb2 Be5 23.Rxd7 Qxd7
24.Rd1 Qc7 25.Bf1 Rxd1 26.Qxd1 Bxb2 27.Bxb2 Bxc4 28.Be5 Qc8 29.Qg4 f6 30.Bxc4 Nxc4
31.Bxf6 Qd7 32.Bxg7 Nxe3 33.fxe3 Qxg7 34.Qxe6+ Qf7 35.Qxf7+ Kxf7 36.Kf2 Ke6
37.Ke2 Kd5 38.Kd3 h5 39.h3 Ke5 40.g4 h4 41.a4 Kd5 42.a5 a6 43.g5 Ke5  1-0

[Event "ch-Moscow S/F 2012"]
[Site "Moscow RUS"]
[Date "2012.03.02"]
[Round "6"]
[White "Nefedov,Sergey"]
[Black "Bukhteeva,V"]
[Result "1-0"]
[WhiteElo "2277"]
[BlackElo "2173"]

1.Nf3 d5 2.c4 e6 3.cxd5 exd5 4.d4 Nf6 5.Nc3 Be7 6.Bg5 O-O 7.e3 Nbd7 8.Bd3 c6
9.Qc2 Re8 10.O-O Nf8 11.Rab1 g6 12.b4 Ne6 13.Bh4 a6 14.a4 Ng7 15.b5 axb5
16.axb5 Bf5 17.bxc6 bxc6 18.Ne5 Bxd3 19.Qxd3 Qc8 20.Rfc1 Ra3 21.Qd1 Qa6 22.Qf3 Nf5
23.Bg5 Ne4 24.Nxe4 dxe4 25.Qg4 f6 26.Rxc6 Ra1 27.Qd1 Qb5 28.Rxa1 fxe5 29.Bxe7 Qxc6
30.Bc5 exd4 31.Qb3+ Kh8 32.Bxd4+ Nxd4 33.exd4 Qf6 34.Qe3 Rd8 35.Rd1 Qf5 36.d5 Qe5
37.Qd4 Qxd4 38.Rxd4 Kg7 39.Kf1 Kf6 40.Ke2 Ke5 41.Ke3 Rb8 42.Rxe4+ Kxd5 43.Re7 Rb3+
44.Kf4 Rb2 45.Kg3 h6 46.Rh7 h5 47.Rg7 Rb6 48.Re7 Kd6 49.Re2 Rb4 50.Re8 Kd7
51.Re5 Ra4 52.f4 Rb4 53.Rg5 Rb6 54.f5 Rb3+ 55.Kh4 Rb4+ 56.Kh3 gxf5 57.Rxf5 h4
58.Rh5 Ke6 59.Rxh4 Rb2 60.Rh5 Kf6 61.Ra5 Kg6 62.g4 Rb3+ 63.Kh4 Rb6 64.Ra3 Rc6
65.Kg3 Kh6 66.h4 Rb6 67.h5 Rc6 68.Kh4 Rb6 69.g5+ Kg7 70.Ra7+ Kh8 71.g6 Rb4+
72.Kg5 Rb5+ 73.Kh6 Rb8 74.Rf7 Kg8 75.Kg5 Rb5+ 76.Rf5 Rb1 77.h6  1-0

[Event "TCh-AUT 1st Bundesliga 2012"]
[Site "St. Veit AUT"]
[Date "2012.03.02"]
[Round "5.3"]
[White "Pitl,G"]
[Black "Poetsch,H"]
[Result "0-1"]
[WhiteElo "2377"]
[BlackElo "2408"]

1.Nf3 d5 2.c4 d4 3.g3 Nc6 4.Bg2 e5 5.O-O Nf6 6.d3 Nd7 7.e3 Be7 8.exd4 exd4
9.Na3 Nc5 10.Nc2 a5 11.Re1 Bg4 12.b3 O-O 13.h3 Bh5 14.Bb2 Bf6 15.Ba3 b6 16.Bxc5 bxc5
17.Qd2 h6 18.Nh2 Qd6 19.f4 a4 20.Be4 axb3 21.axb3 Rxa1 22.Rxa1 Ne7 23.b4 cxb4
24.Nxb4 Rb8 25.Ra6 Qd7 26.g4 Bg6 27.f5 Bg5 28.Qe1 Nxf5 29.gxf5 Bxf5 30.Nd5 Bxe4
31.Qxe4 Qxh3 32.Ra1 c6 33.Nb6 Qe3+  0-1

[Event "TCh-AUT 2 Mitte 2011-12"]
[Site "St. Veit AUT"]
[Date "2012.03.02"]
[Round "7"]
[White "Singer,H"]
[Black "Teuschler,H"]
[Result "1-0"]
[WhiteElo "2260"]
[BlackElo "2042"]

1.Nf3 d5 2.c4 e6 3.d4 Nf6 4.Nc3 Be7 5.Bg5 O-O 6.e3 Nbd7 7.Qc2 c5 8.cxd5 Nxd5
9.Bxe7 Qxe7 10.Nxd5 exd5 11.Bd3 g6 12.b3 cxd4 13.Nxd4 Nc5 14.O-O Bd7 15.Rfd1 Rac8
16.Qb2 Qf6 17.Rac1 a6 18.Bf1 Ne4 19.f3 Nd6 20.Qd2 Rxc1 21.Rxc1 Rc8 22.Rxc8+ Bxc8
23.Qc3 Bd7 24.Qc7 Be8 25.g3 Qe5 26.Qc3 Nf5 27.Kf2 Nxd4 28.Qxd4 Qxd4 29.exd4 f6
30.Bh3 Kf7 31.Ke3 a5 32.Kd3 Ke7 33.Kc3 Kd6 34.b4 axb4+ 35.Kxb4 b6 36.Bc8 Bc6
37.Ba6 h6 38.Bb5 Bb7 39.Bd3 g5 40.Kb5 Kc7 41.Bg6 Bc6+ 42.Ka6 Bb7+ 43.Ka7 Bc8
44.Bf7 Bb7 45.Bg8 Bc6 46.Be6 Bb7 47.Bd7 Bc6 48.Bxc6 Kxc6 49.Ka6 f5 50.g4 f4
51.a3 h5 52.h3 hxg4 53.hxg4 Kc7 54.Kb5 Kb7 55.a4 Kc7 56.a5 bxa5 57.Kxa5 Kc6
58.Ka6  1-0

[Event "TCh-BEL 2011-12"]
[Site "Belgium BEL"]
[Date "2012.03.04"]
[Round "9.7"]
[White "De Bruycker,B"]
[Black "Krueger,An"]
[Result "1/2-1/2"]
[WhiteElo "2192"]
[BlackElo "2145"]

1.Nf3 d5 2.c4 c6 3.b3 Nf6 4.Bb2 Bf5 5.g3 e6 6.Bg2 Be7 7.O-O O-O 8.d3 Nbd7
9.cxd5 exd5 10.Nd4 Bg6 11.f4 h6 12.Nc3 Ng4 13.f5 Bh7 14.Nc2 Qb6+ 15.d4 Bg5
16.e4 Ne3 17.Nxe3 Bxe3+ 18.Kh1 Qxd4 19.exd5 c5 20.d6 Rab8 21.Qe2 Qd2 22.Qxd2 Bxd2
23.Ne4 Ba5 24.Rac1 Rbc8 25.g4 Rfe8 26.Rfd1 b6 27.Ng3 Rcd8 28.Bc6 f6 29.Rc4 Kf8
30.Re4 Rxe4 31.Nxe4 Bg8 32.Bxd7 Rxd7 33.Kg2 Bf7 34.h4 c4 35.bxc4 Bxc4 36.Kf3 b5
37.g5 hxg5 38.hxg5 fxg5 39.Nxg5 Bb4 40.Be5 Bxa2 41.Ne6+ Kf7  1/2-1/2

[Event "TCh-BEL 2011-12"]
[Site "Belgium BEL"]
[Date "2012.03.04"]
[Round "9.6"]
[White "Hoffmann,Micha1"]
[Black "David,Alb"]
[Result "1/2-1/2"]
[WhiteElo "2496"]
[BlackElo "2588"]

1.Nf3 d5 2.c4 e6 3.g3 Nf6 4.Bg2 Be7 5.O-O O-O 6.b3 c5 7.Bb2 Nc6 8.e3 d4 9.exd4 cxd4
10.Re1 Qb6 11.d3 Nd7 12.Na3 e5 13.Nc2 Re8 14.Rb1 a5 15.a3 Qc7  1/2-1/2

[Event "TCh-AUT 2 Ost 2011-12"]
[Site "Bruck AUT"]
[Date "2012.03.04"]
[Round "7"]
[White "Steinert,Mart"]
[Black "Travenec,I"]
[Result "0-1"]
[WhiteElo "2075"]
[BlackElo "2196"]

1.Nf3 d5 2.c4 c6 3.e3 Nf6 4.b3 Bf5 5.Bb2 e6 6.Be2 Be7 7.O-O O-O 8.d3 Nbd7
9.Nbd2 h6 10.Rc1 a5 11.a4 Nc5 12.Ne5 Nfd7 13.Nxd7 Qxd7 14.Nf3 Rfd8 15.Ne5 Qc7
16.cxd5 exd5 17.d4 Ne4 18.f3 Nd6 19.g4 Bh7 20.Ba3 Ne8 21.Bxe7 Qxe7 22.Bd3 Bxd3
23.Qxd3 Nd6 24.Rc5 Re8 25.Re1 h5 26.Re2 hxg4 27.Nxg4 Qh4 28.Rc1 Re6 29.Ne5 Rae8
30.Rg2 Qh7 31.Qxh7+ Kxh7 32.Rc5 f6 33.Ng4 Nf5 34.Rxa5 Nxe3 35.Nxe3 Rxe3 36.b4 Rxf3
37.Rb2 Re4 38.Kg2 Ra3 39.Ra7 Rxd4 40.a5 Rg4+ 41.Kf2 Rh4 42.Kg1 Rc4 43.Rxb7 d4
44.h4 d3 45.Rg2 Ra1+ 46.Kh2 Rxh4+ 47.Kg3 Rh5 48.Kf4 Rg5 49.Rxg5 fxg5+ 50.Ke3 g4
51.Rd7 Ra4 52.Rxd3 Rxb4 53.Ra3 Kg6 54.a6 Rb8 55.Kf4 Kf6 56.a7 Ra8 57.Ra6 Ke7
58.Rxc6 Rxa7 59.Rg6 Kf7 60.Rxg4 Ra4+ 61.Kf5 Rxg4 62.Kxg4 Kg6 63.Kh4 Kf5  0-1

[Event "TCh-AUT 2 Mitte 2011-12"]
[Site "St. Veit AUT"]
[Date "2012.03.04"]
[Round "9"]
[White "Steiner,Jos"]
[Black "Fahrner,K"]
[Result "0-1"]
[WhiteElo "2116"]
[BlackElo "2319"]

1.Nf3 d5 2.c4 c6 3.b3 Bf5 4.Bb2 e6 5.g3 Nf6 6.Bg2 Be7 7.O-O O-O 8.d3 h6 9.Nbd2 a5
10.a3 Na6 11.Re1 Bh7 12.Rc1 Qb6 13.h3 Nc5 14.d4 Nce4 15.c5 Qc7 16.Nxe4 Bxe4
17.Nd2 Bxg2 18.Kxg2 b5 19.f4 Rad8 20.Qc2 g5 21.f5 Nh5 22.Nf1 exf5 23.Qxf5 Ng7
24.Qd3 f5 25.e3 Rde8 26.Rc2 Bd8 27.Rce2 Re4 28.Bc3 Rf6 29.Rf2 h5 30.Nd2 h4
31.Nxe4 fxe4 32.Qe2 Qxg3+ 33.Kf1 Nf5 34.Qd2 Qxh3+ 35.Kg1 Ng3 36.Rh2 Rf1+
37.Rxf1 Qxf1+  0-1

[Event "2nd Ferdynanda Dziedzica Mem"]
[Site "Trzcianka POL"]
[Date "2012.03.04"]
[Round "8"]
[White "Cyborowski,L"]
[Black "Dudzinski,Pi"]
[Result "1-0"]
[WhiteElo "2555"]
[BlackElo "2300"]

1.Nf3 d5 2.c4 Nf6 3.cxd5 Nxd5 4.e4 Nf6 5.Nc3 Nc6 6.d4 Bg4 7.d5 Bxf3 8.gxf3 Nb8
9.e5 Nfd7 10.f4 Nb6 11.Be3 c6 12.Bg2 cxd5 13.Nxd5 Nxd5 14.Qxd5 Qxd5 15.Bxd5 Nc6
16.Rc1 e6 17.Rxc6 Kd7 18.Rc3 exd5 19.Ke2 Be7 20.Rd1 Rhc8 21.Rxd5+ Ke6 22.Rdd3 a6
23.f5+ Kxf5 24.Rxc8 Rxc8 25.Rd7 Ke6 26.Rxb7 Rc6 27.f4 g6 28.Kd3 h6 29.b4 g5
30.f5+ Kxe5 31.Rxe7+ Kxf5 32.Rxf7+ Kg4 33.a4 Rd6+ 34.Bd4 Kh3 35.Rf6  1-0

[Event "2nd HD Bank Cup 2012"]
[Site "Ho Chi Minh City VIE"]
[Date "2012.03.05"]
[Round "6.28"]
[White "Nguyen Thi Thanh An"]
[Black "Ton,T"]
[Result "1-0"]
[WhiteElo "2292"]
[BlackElo "2177"]

1.Nf3 d5 2.c4 c6 3.e3 Nf6 4.Nc3 g6 5.d4 Bg7 6.Be2 O-O 7.O-O b6 8.b4 Bg4 9.h3 Bxf3
10.Bxf3 dxc4 11.Qe2 b5 12.Nxb5 cxb5 13.Bxa8 Na6 14.Bf3 Nxb4 15.Qb2 Qd6 16.a3 Nbd5
17.Qxb5 Rc8 18.Qb7 Rb8 19.Qxa7 e5 20.e4 Nxe4 21.Bxe4 Nc3 22.Bd2 Nxe4 23.Bb4 Qd8
24.dxe5 Bxe5 25.Rad1 Qf6 26.f4 Ng3 27.Rf2 Rxb4 28.fxe5  1-0

[Event "Zagreb Open A"]
[Site "Zagreb CRO"]
[Date "2012.03.05"]
[Round "1.9"]
[White "Cvitan,O"]
[Black "Bontempi,P"]
[Result "1/2-1/2"]
[WhiteElo "2528"]
[BlackElo "2332"]

1.Nf3 d5 2.c4 d4 3.g3 Nc6 4.Bg2 e5 5.d3 Nf6 6.O-O Nd7 7.e3 Be7 8.exd4 exd4
9.b3 O-O 10.Re1 Nc5 11.Ba3 a5 12.Bxc5 Bxc5 13.a3 Re8 14.Rxe8+  1/2-1/2

[Event "PriFO Champ RUS 2012"]
[Site "Tolyatti RUS"]
[Date "2012.03.06"]
[Round "9.10"]
[White "Bukavshin,I"]
[Black "Tokarev,Ilya"]
[Result "1-0"]
[WhiteElo "2517"]
[BlackElo "2288"]

1.Nf3 d5 2.c4 c6 3.d4 Nf6 4.Nc3 a6 5.e3 b5 6.b3 Bg4 7.h3 Bxf3 8.Qxf3 e5 9.dxe5 Bb4
10.Bd2 Bxc3 11.Bxc3 Ne4 12.Bb4 bxc4 13.Qg4 g6 14.bxc4 Nd7 15.cxd5 cxd5 16.Qd1 Nxe5
17.Be2 Rb8 18.Qd4 f6 19.Rc1 Qd7 20.Ba3 Kf7 21.O-O Rhc8 22.Rfd1 Kg7 23.Bf1 Rxc1
24.Rxc1 Rd8 25.f4 Nf7 26.Bd3 Ng3 27.Qb6 Re8 28.Rc7 Qe6 29.Qxe6 Rxe6 30.Kf2 Ne4+
31.Kf3 g5 32.Bb4 f5 33.fxg5 Nxg5+ 34.Kf4  1-0